000 00451nam a2200193Ia 4500
005 20240823062120.0
008 240823s9999||||xx |||||||||||||| ||und||
020 _a978-93-84769-31-4
041 _aENGLISH
082 _A519 Q7
100 _aBalaji G
245 0 _aEngineering mathematics - I
250 _a5th
260 _c2017
_bBalaji Publi
500 _aTRANSFERED
650 _aMathematics
_bMathematics
942 _cBK
999 _c235124
_d235124